000 01963cam a2200541 a 4500
001 20157
003 VRT
005 20260117142254.0
008 000507s1993 xo ogabg 000 0 slo
015 _aSNBA1993
020 _a8070902310
_q(viaz.)
035 _aSAVUKc020357
039 9 _a202402291343
_bmsnk159
_c202402291327
_dmsnk159
_c202208111417
_dAUTHORITY
_c201210080837
_dmkuuk03
040 _aSAVUK
_bslo
_cSAVUK
_dSNK
_eAACR2
041 0 _aslo
044 _axo
_cSK
072 7 _a323
_xVnútropolitický vývoj, politický život
_2konspekt
080 _a(=162.4)
_22001
080 _a323.1:316.356.4
_22001
100 1 _aÚradník, Vendelín
_4aut
245 1 0 _aSlováci v Bukovine
_cVendelín Úradník
250 _a1.vyd.
260 _aMartin
_bMatica slovenská
_c1993
300 _a155 s., [32] s. obr. príl.
_bfotogr., mp., noty, tab.
_c21 cm
490 1 _aTeória a výskum. Monografie
504 _aBibliografia
650 0 7 _aSlováci
_2SNKPH
650 0 7 _aSlováci v zahraničí
_2SNKPH
650 0 7 _anárody
_2SNKPH
651 7 _aBukovina (historické územie)
_2SNKPH
655 7 _amonografie
_2SNKPH
830 0 _aTeória a výskum. Monografie
942 _2ddc
_cOLDO
_n0
949 _6273K0200396
_asvkpoA 160565d
_bsvkpo397901
_oPV 1003/94
949 _617A0076711
_asnkSD 65842 D1
949 _6270001000037141
_asvkbbA 84867
_bsvkbbm 582071
949 _6270001000037142
_asvkbbA 84867
_bsvkbbm 581708
949 _63830001074020
_akurukMSD32/288
_bkuruk2012/F7894
949 _617A1045642
_asnkSD 65842
949 _617A0346966
_asnkSD 65842 D2
_bsnkD 1347/94
949 _6273K0200397
_asvkpoA 160565
_bsvkpo396104
949 _6273K0200395
_asvkpoA 160565a
_bsvkpo396105
949 _6273K0200398
_asvkpoA 160565b
_bsvkpo396106
949 _6273K0200399
_asvkpoA 160565c
_bsvkpo396107
949 _62889054805
_asavukM 90885
949 _617A0346690
_asnkSD 65842 D3
_bsnkD 1348/94
999 _c20157
_d20157